[Event "19th EUR-ch"]
[Site "Batumi GEO"]
[Date "2018.03.20"]
[Round "4.30"]
[White "Santos Latasa, Jaime"]
[Black "Kuzubov, Yuriy"]
[Result "1/2-1/2"]
[WhiteElo "2549"]
[BlackElo "2689"]
[EventDate "2018.03.17"]
[PlyCount "124"]

1.e4 c6 2.Nf3 d5 3.exd5 cxd5 4.Ne5 Nc6 5.Bb5 Bd7 6.Nxd7 Qxd7 7.d4 a6 8.Be2
e6 9.O-O Bd6 10.c3 Qc7 11.g3 Nf6 12.Nd2 O-O 13.Nf3 b5 14.a4 b4 15.c4 dxc4 
16.Bxc4 Rfd8 17.Qe2 Qb7 18.Bg5 Be7 19.Rad1 Nd5 20.Bc1 Bf6 21.Qe4 Nce7 22.
Ng5 Bxg5 23.Bxg5 h6 24.Bxe7 Qxe7 25.f4 g6 26.Bxd5 Rxd5 27.f5 gxf5 28.Rxf5 
Rad8 29.Qg4+ Kh7 30.Rxd5 Rxd5 31.Qe4+ Kg7 32.Rf1 Qc7 33.Qg4+ Rg5 34.Qf3 
Qe7 35.Qe4 Rd5 36.Rf4 h5 37.Qe3 Qg5 38.Qf2 Qg6 39.Kg2 Rg5 40.Qe2 a5 41.b3 
Rd5 42.Qf2 Kg8 43.Qe2 Qg5 44.Qf3 Qg7 45.Qe3 Qg6 46.Qe2 Rg5 47.Qf3 Kg7 48.
Qe2 Rg4 49.Qe5+ Kg8 50.Rf6 Qd3 51.Rf4 Qc2+ 52.Kh3 Qg6 53.Kg2 Qc2+ 54.Kh3 
Qg6 55.Kg2 Rxf4 56.Qxf4 f6 57.Qb8+ Kg7 58.Qc7+ Kh6 59.Qf4+ Kh7 60.Qc7+ Kh6
61.Qf4+ Kh7 62.Qc7+ Kh6 1/2-1/2

[Event "19th EUR-ch"]
[Site "Batumi GEO"]
[Date "2018.03.20"]
[Round "4.31"]
[White "Jobava, Baadur"]
[Black "Shevchenko, Kirill"]
[Result "1/2-1/2"]
[WhiteElo "2685"]
[BlackElo "2545"]
[EventDate "2018.03.17"]
[PlyCount "116"]

1.e4 c5 2.Nc3 d6 3.f4 g6 4.Nf3 Bg7 5.Bb5+ Bd7 6.O-O Bxb5 7.Nxb5 Nc6 8.d3 
a6 9.Nc3 Nf6 10.Kh1 O-O 11.Ne2 c4 12.Ng3 cxd3 13.cxd3 Rc8 14.f5 Qb6 15.d4 
d5 16.e5 Ne4 17.Ne2 f6 18.e6 Nb4 19.Ne1 gxf5 20.a3 Nc6 21.Nc2 Na5 22.Ne3 
Qxe6 23.Nxf5 Qd7 24.Rf3 e6 25.Nxg7 Kxg7 26.Ng3 Nxg3+ 27.Rxg3+ Kh8 28.Qf1 
Qe7 29.Bd2 Nc6 30.Re1 Rce8 31.Qf2 Rg8 32.Rf3 Rg6 33.Bf4 Kg8 34.Bg3 Rf8 35.
Bh4 Qf7 36.h3 h6 37.Qd2 Ne7 38.g4 Nc6 39.Ref1 Qe7 40.Re1 Kg7 41.Rfe3 Re8 
42.Rxe6 Qxe6 43.Rxe6 Rxe6 44.Qf4 Kf7 45.Qc7+ Re7 46.Qd6 Nxd4 47.Qxd5+ Ne6 
48.a4 Rg8 49.Be1 Rd8 50.Qh5+ Kg7 51.Bc3 Rd1+ 52.Kh2 Rf1 53.Qd5 Nf4 54.Qc5 
Re2+ 55.Kg3 Rg2+ 56.Kh4 Ng6+ 57.Kh5 Nf4+ 58.Kh4 Ng6+ 1/2-1/2

[Event "19th EUR-ch"]
[Site "Batumi GEO"]
[Date "2018.03.20"]
[Round "4.32"]
[White "Palac, Mladen"]
[Black "Kravtsiv, Martyn"]
[Result "1/2-1/2"]
[WhiteElo "2546"]
[BlackElo "2685"]
[EventDate "2018.03.17"]
[PlyCount "31"]

1.e4 e5 2.Nf3 Nc6 3.Bb5 a6 4.Ba4 Nf6 5.O-O Be7 6.Re1 b5 7.Bb3 O-O 8.c3 d5 
9.exd5 Nxd5 10.Nxe5 Nxe5 11.Rxe5 c6 12.d3 Bd6 13.Re1 Bf5 14.Qf3 Re8 15.
Rxe8+ Qxe8 16.Nd2 1/2-1/2

[Event "19th EUR-ch"]
[Site "Batumi GEO"]
[Date "2018.03.20"]
[Round "4.33"]
[White "Korobov, Anton"]
[Black "Sanal, Vahap"]
[Result "1-0"]
[WhiteElo "2664"]
[BlackElo "2543"]
[EventDate "2018.03.17"]
[PlyCount "97"]

1.d4 Nf6 2.c4 e6 3.Nf3 b6 4.Nc3 Bb4 5.e3 O-O 6.Bd3 d5 7.a3 Bxc3+ 8.bxc3 
dxc4 9.Bxc4 c5 10.O-O Qc7 11.Bd3 Nc6 12.e4 e5 13.d5 Ne7 14.Nd2 Ng6 15.a4 
Nf4 16.Bc2 Ne8 17.c4 Nd6 18.Bb2 f6 19.h4 h6 20.g3 Nh3+ 21.Kg2 g5 22.Rh1 g4
23.a5 Rb8 24.axb6 axb6 25.Ra3 Qg7 26.Qa1 Rb7 27.Rf1 h5 28.Kh2 Qh6 29.Qc1 
Qg7 30.Qa1 Qh6 31.Qe1 b5 32.Ra6 bxc4 33.Bc1 Nb5 34.Nxc4 Qg7 35.Be3 Nd4 36.
Bxd4 cxd4 37.Qc1 Rb1 38.Qxb1 Bxa6 39.Bd3 f5 40.Nd6 Bxd3 41.Qxd3 fxe4 42.
Nxe4 Qg6 43.d6 Kg7 44.Qe2 Qe6 45.Rc1 Qf5 46.Rc7+ Kh8 47.d7 Kg8 48.Qc4+ Kh8
49.Rc8 1-0

[Event "19th EUR-ch"]
[Site "Batumi GEO"]
[Date "2018.03.20"]
[Round "4.34"]
[White "Lenic, Luka"]
[Black "Boruchovsky, Avital"]
[Result "1/2-1/2"]
[WhiteElo "2662"]
[BlackElo "2542"]
[EventDate "2018.03.17"]
[PlyCount "41"]

1.d4 Nf6 2.c4 e6 3.Nc3 Bb4 4.Qc2 O-O 5.a3 Bxc3+ 6.Qxc3 d5 7.Bg5 c5 8.dxc5 
d4 9.Qf3 Nc6 10.O-O-O e5 11.Bxf6 Qxf6 12.Qxf6 gxf6 13.e3 Rd8 14.Ne2 Be6 
15.exd4 Bxc4 16.dxe5 Rxd1+ 17.Kxd1 Rd8+ 18.Kc1 fxe5 19.Nc3 Be6 20.Be2 Nd4 
21.Bd1 1/2-1/2

[Event "19th EUR-ch"]
[Site "Batumi GEO"]
[Date "2018.03.20"]
[Round "4.35"]
[White "Rakhmanov, Aleksandr"]
[Black "Triapishko, Alexandr"]
[Result "1-0"]
[WhiteElo "2655"]
[BlackElo "2530"]
[EventDate "2018.03.17"]
[PlyCount "141"]

1.Nf3 Nf6 2.g3 g6 3.b3 d6 4.d4 c5 5.Bg2 Bg7 6.Bb2 O-O 7.c4 cxd4 8.Nxd4 d5 
9.cxd5 Nxd5 10.O-O Nb4 11.Na3 N8c6 12.Nxc6 Nxc6 13.Bxg7 Kxg7 14.Bxc6 bxc6 
15.Qc1 Qd6 16.Qc3+ Qf6 17.Rac1 Bh3 18.Rfe1 Rfd8 19.Qxf6+ exf6 20.Nb1 a5 
21.Nc3 Rd2 22.Red1 Rb2 23.Rb1 Rc2 24.Rdc1 Rd2 25.f3 h5 26.Rd1 Rc2 27.Rdc1 
Rd2 28.Kf2 Re8 29.Rd1 Rc2 30.Rdc1 Rd2 31.Ke1 Rd4 32.Na4 Bg2 33.Rc3 g5 34.
Rd1 Rxd1+ 35.Kxd1 g4 36.f4 Bf1 37.Rc2 h4 38.Ke1 Bg2 39.Kf2 h3 40.Rc5 Rd8 
41.Ke1 Ra8 42.Nc3 Kf8 43.f5 Ke7 44.Rc4 Kd6 45.Rxg4 Re8 46.Rd4+ Kc5 47.Rc4+
Kd6 48.Kd2 Re5 49.g4 Rc5 50.Ne4+ Bxe4 51.Rxe4 Rd5+ 52.Ke1 Kc5 53.Rc4+ Kb5 
54.Kf2 c5 55.a4+ Kc6 56.Rc3 Rd4 57.Kg3 Re4 58.e3 Kd5 59.Kxh3 c4 60.Kg3 
cxb3 61.Rxb3 Rxa4 62.Rb7 Ra3 63.Kf3 a4 64.Rxf7 Ke5 65.Re7+ Kd5 66.Re6 Ra1 
67.Rxf6 a3 68.Ra6 a2 69.Kg2 Ke5 70.f6 Re1 71.f7 1-0

[Event "19th EUR-ch"]
[Site "Batumi GEO"]
[Date "2018.03.20"]
[Round "4.36"]
[White "Kovalev, Vladislav"]
[Black "Ruck, Robert"]
[Result "1/2-1/2"]
[WhiteElo "2650"]
[BlackElo "2529"]
[EventDate "2018.03.17"]
[PlyCount "101"]

1.e4 c5 2.Nf3 e6 3.d3 Nc6 4.g3 d5 5.Nbd2 g6 6.Bg2 Bg7 7.O-O Nge7 8.Re1 b6 
9.e5 Qc7 10.Qe2 h6 11.h4 g5 12.hxg5 hxg5 13.Nxg5 Qxe5 14.Qxe5 Nxe5 15.Nc4 
Nxc4 16.dxc4 Bb7 17.c3 Rd8 18.a4 O-O 19.a5 Rd7 20.cxd5 Bxd5 21.Ne4 Bc4 22.
Ra4 Bb5 23.Ra3 Nd5 24.Nd2 Bd3 25.axb6 axb6 26.Nf3 Rdd8 27.Ne5 Bxe5 28.Rxe5
Ra8 29.Bxd5 exd5 30.Rxd5 Be4 31.Re5 Rxa3 32.bxa3 Bc6 33.Kf1 Rd8 34.Ke2 Re8
35.Rxe8+ Bxe8 36.c4 f5 37.Bf4 Kf7 38.Bc7 b5 39.Kd3 Ke6 40.Bf4 Bc6 41.Bh6 
Kd7 42.Bf8 Kc7 43.Bxc5 bxc4+ 44.Kxc4 Kb7 45.Kd4 Ba4 46.Ke5 Bc2 47.a4 Ka6 
48.Bb4 Kb6 49.Bd2 Ka6 50.Kd6 Bxa4 51.Ke5 1/2-1/2

[Event "19th EUR-ch"]
[Site "Batumi GEO"]
[Date "2018.03.20"]
[Round "4.37"]
[White "Anton Guijarro, David"]
[Black "Kelires, Andreas"]
[Result "1-0"]
[WhiteElo "2647"]
[BlackElo "2523"]
[EventDate "2018.03.17"]
[PlyCount "101"]

1.d4 Nf6 2.c4 e6 3.Nf3 b6 4.g3 Ba6 5.Qc2 Bb4+ 6.Bd2 Be7 7.e4 d5 8.cxd5 
Bxf1 9.Kxf1 exd5 10.e5 Ne4 11.Nc3 Nxc3 12.bxc3 O-O 13.h4 f6 14.e6 Nc6 15.
Qf5 Ba3 16.h5 Ne7 17.Qg4 f5 18.Qh4 Nc8 19.Bg5 Be7 20.h6 g6 21.Re1 f4 22.
gxf4 Rf5 23.Re5 Bxg5 24.Nxg5 Nd6 25.e7 Qe8 26.Qg4 Rxe5 27.fxe5 Nf5 28.Rg1 
Qb5+ 29.Kg2 Re8 30.Kh1 Qc6 31.e6 Rxe7 32.Nxh7 Qxe6 33.Ng5 Qf6 34.Qf4 Qd6 
35.Qxd6 Nxd6 36.Rg3 Nf7 37.h7+ Kg7 38.Rh3 Nh8 39.Kg2 Kf6 40.Nf3 Kg7 41.Ne5
Re6 42.Kg3 c5 43.a4 a6 44.f4 Re7 45.Kg4 Kf6 46.Rh1 c4 47.Rb1 Kg7 48.Rxb6 
Kxh7 49.Rxa6 Rb7 50.Kg5 Kg7 51.a5 1-0

[Event "19th EUR-ch"]
[Site "Batumi GEO"]
[Date "2018.03.20"]
[Round "4.38"]
[White "Beliavsky, Alexander"]
[Black "McShane, Luke"]
[Result "0-1"]
[WhiteElo "2537"]
[BlackElo "2647"]
[EventDate "2018.03.17"]
[PlyCount "206"]

1.d4 d5 2.c4 c6 3.cxd5 cxd5 4.Bf4 Nc6 5.Nc3 Nf6 6.e3 a6 7.Bd3 Bg4 8.Nge2 
e6 9.O-O Rc8 10.Qb3 Na5 11.Qa4+ Nc6 12.Ng3 Bh5 13.Nxh5 Nxh5 14.Be5 Be7 15.
h3 O-O 16.Bh2 Nf6 17.Rfc1 Bd6 18.Bxd6 Qxd6 19.a3 Rc7 20.Ne2 Rfc8 21.Rc3 g6
22.Rac1 Nd7 23.Nf4 Nb6 24.Qb3 Na5 25.Qb4 Qxb4 26.axb4 Rxc3 27.bxc3 Nac4 
28.e4 dxe4 29.Bxe4 Nd6 30.Bf3 Nbc4 31.Nd3 Nd2 32.Bd1 Nb5 33.Nc5 b6 34.Na4 
Rc6 35.Rc2 Nb1 36.Bf3 Nxd4 37.Bxc6 Nxc2 38.Be4 Nca3 39.Nxb6 Nxc3 40.Bb7 
Nc2 41.Bxa6 Nxb4 42.Bc4 g5 43.Nd7 Nc6 44.Kh2 Kg7 45.f3 Nd4 46.Bd3 Nd5 47.
Kg3 Nf4 48.Bb1 h5 49.Kf2 h4 50.Nc5 f5 51.Nd7 Kf7 52.Ne5+ Kf6 53.Nd7+ Ke7 
54.Ne5 Nd5 55.Bd3 Kf6 56.Nd7+ Ke7 57.Ne5 Nb4 58.Bf1 Kf6 59.Nd7+ Ke7 60.Ne5
Ndc6 61.Nc4 Nd5 62.Kg1 Kf6 63.Kf2 Ne5 64.Nd6 Ke7 65.Nb5 Nf4 66.Ke3 Kd7 67.
Kd4 Neg6 68.Na3 Nh5 69.Bb5+ Ke7 70.Ke3 Nhf4 71.Kf2 Kd6 72.Nc2 Kc5 73.Bf1 
Ne5 74.Ke3 Nc6 75.Kf2 Nb4 76.Na3 e5 77.Ke3 Nbd5+ 78.Kf2 e4 79.Nc2 Nd3+ 80.
Ke2 N3b4 81.Nxb4 Kxb4 82.fxe4 fxe4 83.Kd2 Kc5 84.Ba6 Kd4 85.Ke2 Ke5 86.Bb7
Ne7 87.Ke3 Nf5+ 88.Kf2 Kf4 89.Ke2 Ne3 90.Kf2 Nd1+ 91.Ke2 Nb2 92.Bd5 Ke5 
93.Bb7 Kd4 94.Ba6 Na4 95.Kf2 Nc3 96.Ke1 Ke3 97.Bb7 Nb5 98.Bc6 Nd4 99.Bb7 
Ne6 100.Bc6 Nf4 101.Kf1 Kd3 102.Kf2 e3+ 103.Ke1 e2 0-1

[Event "19th EUR-ch"]
[Site "Batumi GEO"]
[Date "2018.03.20"]
[Round "4.39"]
[White "Baron, Tal"]
[Black "Guseinov, Gadir"]
[Result "0-1"]
[WhiteElo "2529"]
[BlackElo "2646"]
[EventDate "2018.03.17"]
[PlyCount "85"]

1.d4 Nf6 2.c4 g6 3.Nc3 Bg7 4.e4 d6 5.f3 O-O 6.Be3 c5 7.Nge2 cxd4 8.Nxd4 
Nc6 9.Be2 Bd7 10.Qd2 Nxd4 11.Bxd4 Bc6 12.g4 Nd7 13.Bxg7 Kxg7 14.h4 Qa5 15.
Rb1 Qe5 16.f4 Qe6 17.Qd4+ Qf6 18.Qxf6+ Nxf6 19.Bf3 h6 20.Kf2 Nd7 21.Rbd1 
f6 22.Ne2 a5 23.Nd4 Nc5 24.h5 e5 25.Nxc6 bxc6 26.Rxd6 exf4 27.e5 fxe5 28.
Rxg6+ Kh7 29.Rxc6 Rac8 30.Rxc8 Rxc8 31.Bd1 Nd3+ 32.Ke2 Nxb2 33.Bc2+ Kg7 
34.Rb1 Nxc4 35.Rb7+ Kf6 36.Rh7 Kg5 37.Rg7+ Kh4 38.Bd3 Nd6 39.Rg6 Nf7 40.
Ra6 Ng5 41.Rxa5 e4 42.Bxe4 Re8 43.Ra4 0-1

[Event "19th EUR-ch"]
[Site "Batumi GEO"]
[Date "2018.03.20"]
[Round "4.40"]
[White "Parligras, Mircea-Emilian"]
[Black "Nguyen, Thai Dai Van"]
[Result "1/2-1/2"]
[WhiteElo "2642"]
[BlackElo "2517"]
[EventDate "2018.03.17"]
[PlyCount "113"]

1.d4 d5 2.c4 e6 3.Nf3 Nf6 4.Nc3 c5 5.cxd5 Nxd5 6.e3 cxd4 7.exd4 Nxc3 8.
bxc3 Qc7 9.Bb2 Nd7 10.a4 Bd6 11.Bd3 b6 12.O-O Bb7 13.c4 O-O 14.d5 h6 15.h3
exd5 16.cxd5 Bxd5 17.Rc1 Nc5 18.Bb1 Bxf3 19.Qxf3 Rae8 20.Rfe1 Bh2+ 21.Kh1 
Bf4 22.Rcd1 Bg5 23.Qc3 f5 24.Rxe8 Rxe8 25.Bxf5 Bf6 26.Qc4+ Qf7 27.Qc2 Rd8 
28.Bh7+ Kh8 29.Rxd8+ Bxd8 30.Bg6 Qe6 31.Bf5 Qe1+ 32.Kh2 Bc7+ 33.g3 Be5 34.
Bc1 Bd4 35.Kg2 Bxf2 36.Qxf2 Qxc1 37.Qe2 g5 38.Qe8+ Kg7 39.Qg6+ Kf8 40.
Qxh6+ Ke7 41.Qg7+ Kd6 42.Qd4+ Ke7 43.Kf2 Ne6 44.Bxe6 Kxe6 45.h4 Qc2+ 46.
Kf3 Qf5+ 47.Ke3 Qe5+ 48.Qxe5+ Kxe5 49.h5 g4 50.h6 Kf6 51.Kf4 Kg6 52.Kxg4 
Kxh6 53.Kf5 Kg7 54.Ke5 a6 55.Kd5 b5 56.axb5 axb5 57.Kc5 1/2-1/2

[Event "19th EUR-ch"]
[Site "Batumi GEO"]
[Date "2018.03.20"]
[Round "4.42"]
[White "Movsesian, Sergei"]
[Black "Godena, Michele"]
[Result "1/2-1/2"]
[WhiteElo "2632"]
[BlackElo "2505"]
[EventDate "2018.03.17"]
[PlyCount "166"]

1.c4 e5 2.g3 Nf6 3.Bg2 Bc5 4.Nc3 d6 5.e3 O-O 6.Nge2 Re8 7.O-O a6 8.d4 Ba7 
9.b3 Nc6 10.h3 Bd7 11.Bb2 exd4 12.Nxd4 Nxd4 13.exd4 Rb8 14.a4 c6 15.Kh2 
Be6 16.Bc1 d5 17.Bf4 Ra8 18.c5 a5 19.Ne2 b6 20.Rc1 Bc8 21.Re1 Ba6 22.Ng1 
Ne4 23.Be3 Bb8 24.Nf3 b5 25.Nd2 bxa4 26.bxa4 Bc7 27.Qc2 f5 28.Nf3 Qf6 29.
Ne5 Bxe5 30.dxe5 Qxe5 31.Bf4 Qd4 32.Kg1 Bd3 33.Red1 Bxc2 34.Rxd4 Bb3 35.
Bf1 g5 36.Bc7 Re7 37.Bb6 h5 38.Re1 Nd2 39.Rxe7 Nf3+ 40.Kg2 Nxd4 41.Bc7 Ra7
42.Re8+ Kf7 43.Rh8 Ne6 44.Bb6 Re7 45.Rxh5 Re8 46.Rh7+ Ng7 47.Rh6 Ne6 48.h4
Bxa4 49.hxg5 Nxg5 50.Bxa5 Re6 51.Rh4 Bc2 52.f3 Kg6 53.Bd2 Bd1 54.Bxg5 Kxg5
55.Kf2 Bc2 56.Rb4 Kf6 57.Rb2 Ba4 58.Bd3 Re7 59.Rb4 Bb5 60.Bxb5 cxb5 61.
Rxb5 d4 62.c6 d3 63.Rb2 Kg5 64.Rb7 Re2+ 65.Kf1 Rc2 66.Rg7+ Kf6 67.Rd7 Rxc6
68.Rxd3 Rc2 69.f4 Kg6 70.Rd8 Ra2 71.Re8 Kf6 72.Re2 Ra3 73.Kg2 Ra1 74.Rb2 
Rc1 75.Rb3 Ra1 76.Rd3 Rb1 77.Kf2 Rb2+ 78.Ke3 Rg2 79.Kd4 Re2 80.Kd5 Kg6 81.
Kc6 Rc2+ 82.Kd7 Re2 83.Rc3 Kf7 1/2-1/2

[Event "19th EUR-ch"]
[Site "Batumi GEO"]
[Date "2018.03.20"]
[Round "4.44"]
[White "Zhigalko, Sergei"]
[Black "Sanikidze, Tornike"]
[Result "1-0"]
[WhiteElo "2625"]
[BlackElo "2501"]
[EventDate "2018.03.17"]
[PlyCount "51"]

1.e4 d6 2.d4 Nf6 3.Nc3 e5 4.Nf3 Nbd7 5.Bc4 Be7 6.a4 O-O 7.O-O a5 8.Re1 b6 
9.b3 Bb7 10.Bb2 Rc8 11.Qd2 c6 12.Rad1 Qc7 13.Nh4 g6 14.Qg5 Kh8 15.Nf3 Rce8
16.dxe5 dxe5 17.Nb5 cxb5 18.Nxe5 Nxe5 19.Bxe5 Qc5 20.Bxf6+ Bxf6 21.Qxf6+ 
Kg8 22.axb5 Re7 23.h4 Rfe8 24.h5 Qxh5 25.Rd8 Rxd8 26.Qxe7 1-0

[Event "19th EUR-ch"]
[Site "Batumi GEO"]
[Date "2018.03.20"]
[Round "4.45"]
[White "Harutyunian, Tigran K."]
[Black "Oparin, Grigoriy"]
[Result "1/2-1/2"]
[WhiteElo "2501"]
[BlackElo "2622"]
[EventDate "2018.03.17"]
[PlyCount "31"]

1.c4 Nf6 2.Nc3 e6 3.e4 d5 4.e5 d4 5.exf6 dxc3 6.fxg7 cxd2+ 7.Bxd2 Bxg7 8.
Qb3 Nd7 9.Rd1 b6 10.Bc3 Bxc3+ 11.Qxc3 Qf6 12.Qxf6 Nxf6 13.Be2 Ke7 14.Bf3 
Rb8 15.Ne2 c5 16.Nc3 1/2-1/2

[Event "19th EUR-ch"]
[Site "Batumi GEO"]
[Date "2018.03.20"]
[Round "4.46"]
[White "Yilmaz, Mustafa"]
[Black "Golubov, Saveliy"]
[Result "1-0"]
[WhiteElo "2619"]
[BlackElo "2495"]
[EventDate "2018.03.17"]
[PlyCount "63"]

1.d4 Nf6 2.c4 g6 3.Nc3 Bg7 4.e4 d6 5.Nf3 O-O 6.Be2 e5 7.O-O Nbd7 8.Be3 Re8
9.d5 Nh5 10.g3 Bf8 11.Ne1 Ng7 12.Nd3 f5 13.f3 Be7 14.Qd2 Nf6 15.c5 fxe4 
16.fxe4 Bh3 17.Rf3 Ng4 18.Bf1 Bxf1 19.Raxf1 Nh5 20.c6 b6 21.Nf2 Qc8 22.
Nxg4 Qxg4 23.Qe2 Nf4 24.Bxf4 exf4 25.Kh1 Bf6 26.gxf4 Re7 27.e5 dxe5 28.Ne4
Rf8 29.f5 Kg7 30.fxg6 hxg6 31.Rg1 Qh4 32.Rfg3 1-0

[Event "19th EUR-ch"]
[Site "Batumi GEO"]
[Date "2018.03.20"]
[Round "4.48"]
[White "Flom, Gabriel"]
[Black "Ponkratov, Pavel"]
[Result "0-1"]
[WhiteElo "2493"]
[BlackElo "2613"]
[EventDate "2018.03.17"]
[PlyCount "128"]

1.d4 Nf6 2.c4 e6 3.Nc3 Bb4 4.Nf3 O-O 5.Bg5 d6 6.Qb3 c5 7.dxc5 dxc5 8.a3 
Ba5 9.Rd1 Nbd7 10.Nd2 h6 11.Bh4 b6 12.e3 Bb7 13.f3 Bxc3 14.Qxc3 Nd5 15.
cxd5 Qxh4+ 16.g3 Qh5 17.dxe6 fxe6 18.Be2 Ne5 19.O-O Rf6 20.e4 Raf8 21.Qe3 
Qh3 22.b4 Rc8 23.b5 Kh8 24.Nc4 Nxc4 25.Bxc4 e5 26.Qd3 Rcf8 27.Qc3 Re8 28.
Bd5 Bc8 29.Bc6 Ref8 30.Rf2 Qh5 31.Rd3 Bh3 32.Bd5 Rd6 33.Qd2 Qg6 34.Bf7 
Rxd3 35.Bxg6 Rfd8 36.Qe1 Rd1 37.Re2 Be6 38.Kf2 Rxe1 39.Kxe1 Bc4 40.Rb2 Rd6
41.Be8 Rd3 42.Rc2 Bb3 43.Rf2 Bd1 44.f4 Bf3 45.Rd2 Rxd2 46.Kxd2 exf4 47.Bg6
fxg3 48.hxg3 Kg8 49.Ke3 Bd1 50.Kf4 Kf8 51.Ke5 Ke7 52.Kd5 Be2 53.a4 Bd3 54.
Bh7 g5 55.g4 Bc2 56.a5 Bd3 57.Bf5 Bxb5 58.e5 Be8 59.a6 Bb5 60.Bc8 Bd7 61.
Bb7 Bxg4 62.Kc6 c4 63.Kc7 c3 64.Be4 Bf3 0-1

[Event "19th EUR-ch"]
[Site "Batumi GEO"]
[Date "2018.03.20"]
[Round "4.49"]
[White "Zanan, Evgeny"]
[Black "Bindrich, Falko"]
[Result "0-1"]
[WhiteElo "2493"]
[BlackElo "2602"]
[EventDate "2018.03.17"]
[PlyCount "82"]

1.d4 d5 2.c4 c6 3.Nf3 Nf6 4.g3 Bf5 5.Nc3 e6 6.Qb3 Qb6 7.c5 Qc7 8.Bf4 Qc8 
9.Nh4 Nbd7 10.Bg2 Be7 11.Nxf5 exf5 12.Qc2 g6 13.O-O O-O 14.f3 b6 15.cxb6 
c5 16.Qd1 cxd4 17.Nb5 Qc6 18.Nxd4 Qxb6 19.b3 Bc5 20.Be3 f4 21.gxf4 Nh5 22.
f5 Rfe8 23.Bf2 Nf4 24.e3 Bxd4 25.exf4 Bxf2+ 26.Rxf2 Nf6 27.fxg6 hxg6 28.
Qd2 Re3 29.Kh1 Rae8 30.f5 gxf5 31.Rg1 Kf8 32.Qc2 f4 33.Qf5 R3e5 34.Qc2 d4 
35.Bf1 Re1 36.Qd2 R8e3 37.Bd3 Rxg1+ 38.Kxg1 Nd5 39.Qc2 Re1+ 40.Bf1 Ne3 41.
Qc8+ Ke7 0-1

[Event "19th EUR-ch"]
[Site "Batumi GEO"]
[Date "2018.03.20"]
[Round "4.50"]
[White "Bologan, Viorel"]
[Black "Mikaelyan, Arman"]
[Result "1-0"]
[WhiteElo "2600"]
[BlackElo "2486"]
[EventDate "2018.03.17"]
[PlyCount "49"]

1.e4 e5 2.Nf3 Nc6 3.Bc4 Bc5 4.c3 Nf6 5.d3 O-O 6.Nbd2 a6 7.h3 d6 8.Bb3 Ba7 
9.Nf1 Ne7 10.Ng3 Ng6 11.O-O h6 12.d4 Re8 13.Bc2 b5 14.a4 Bb7 15.Re1 Qd7 
16.Be3 exd4 17.Bxd4 Bxd4 18.cxd4 c5 19.d5 c4 20.Qd2 Qc7 21.Nd4 Qc5 22.Ndf5
b4 23.Nxg7 Nxe4 24.Rxe4 Kxg7 25.Nh5+ 1-0

[Event "19th EUR-ch"]
[Site "Batumi GEO"]
[Date "2018.03.20"]
[Round "4.51"]
[White "Ferreira, Jorge Viterbo"]
[Black "Brkic, Ante"]
[Result "0-1"]
[WhiteElo "2492"]
[BlackElo "2590"]
[EventDate "2018.03.17"]
[PlyCount "104"]

1.e4 e5 2.Nf3 Nc6 3.Bb5 a6 4.Ba4 Nf6 5.O-O Be7 6.d3 b5 7.Bb3 O-O 8.Nc3 d6 
9.a3 Na5 10.Ba2 Be6 11.b4 Bxa2 12.Rxa2 Nc6 13.Bd2 d5 14.exd5 Nxd5 15.Qe2 
Nd4 16.Nxd4 exd4 17.Nxd5 Qxd5 18.Raa1 Rfe8 19.Rfe1 Qc6 20.Qe4 Qxc2 21.Bf4 
Bxb4 22.Qxe8+ Rxe8 23.Rxe8+ Bf8 24.h4 Qxd3 25.Rc1 g5 26.hxg5 Qf5 27.Bxc7 
Qxg5 28.Rce1 Qc5 29.Bf4 Qc6 30.R1e5 h6 31.g3 Kg7 32.Rd8 Bxa3 33.Red5 Be7 
34.R8d7 b4 35.Be5+ Bf6 36.Bxf6+ Qxf6 37.Rxd4 Qe6 38.Ra7 b3 39.Rb7 a5 40.
Ra4 Qd5 41.Rxb3 Qxb3 42.Rxa5 Qb1+ 43.Kh2 Qf1 44.Rf5 Kg6 45.Rf3 h5 46.Rf4 
f6 47.Rf3 f5 48.Rf4 Kg5 49.Rf3 h4 50.gxh4+ Kxh4 51.Rf4+ Kg5 52.Rf3 f4 0-1

[Event "19th EUR-ch"]
[Site "Batumi GEO"]
[Date "2018.03.20"]
[Round "4.52"]
[White "Pavlov, Sergey"]
[Black "Bogner, Sebastian"]
[Result "0-1"]
[WhiteElo "2485"]
[BlackElo "2588"]
[EventDate "2018.03.17"]
[PlyCount "80"]

1.c4 e6 2.g3 d5 3.Bg2 Nf6 4.Nf3 d4 5.O-O c5 6.e3 Nc6 7.exd4 cxd4 8.d3 Bd6 
9.Na3 O-O 10.Nc2 e5 11.b4 Re8 12.Re1 h6 13.b5 Nb8 14.c5 Bxc5 15.Nxe5 Nbd7 
16.Nf3 Nf8 17.Rxe8 Nxe8 18.Bb2 Ne6 19.Nd2 N8c7 20.a4 a6 21.bxa6 Rxa6 22.
Nb3 Ba7 23.a5 Nb5 24.Qd2 Rd6 25.Qb4 Nbc7 26.Na3 Nd5 27.Qc4 Nef4 28.gxf4 
Nxf4 29.Be4 Rg6+ 30.Kh1 Be6 31.Qb5 f5 32.Bf3 Nh3 33.Rf1 Qg5 34.Qe8+ Kh7 
35.Qxg6+ Kxg6 36.Nxd4 Bxd4 37.Bxd4 Qf4 38.Bg2 Qxd4 39.Bxh3 Qxd3 40.Rg1+ 
Kf6 0-1

[Event "19th EUR-ch"]
[Site "Batumi GEO"]
[Date "2018.03.20"]
[Round "4.53"]
[White "Stefanova, Antoaneta"]
[Black "Pashikian, Arman"]
[Result "0-1"]
[WhiteElo "2481"]
[BlackElo "2585"]
[EventDate "2018.03.17"]
[PlyCount "66"]

1.d4 Nf6 2.Bf4 d5 3.e3 c5 4.c3 Nc6 5.Nd2 e6 6.Ngf3 Bd6 7.Bg3 O-O 8.Bd3 b6 
9.Qe2 Bb7 10.Rd1 h6 11.Ne5 Ne7 12.h4 Ne8 13.f4 f6 14.O-O c4 15.Bc2 Nf5 16.
Qg4 fxe5 17.fxe5 Be7 18.Rf3 Nc7 19.Rdf1 Qe8 20.h5 Bg5 21.Bf4 Bxf4 22.Rxf4 
Qb5 23.Qg6 Qxb2 24.Rg4 Rf7 25.Rxf5 exf5 26.Bxf5 Qxd2 27.Qxh6 Bc8 28.Qh7+ 
Kf8 29.Bxc8 Qxe3+ 30.Kh2 Ke7 31.e6 Nxe6 32.Bb7 Rd8 33.Qc2 Rf4 0-1

[Event "19th EUR-ch"]
[Site "Batumi GEO"]
[Date "2018.03.20"]
[Round "4.54"]
[White "Jurcik, Marian"]
[Black "Vavulin, Maksim"]
[Result "0-1"]
[WhiteElo "2473"]
[BlackElo "2583"]
[EventDate "2018.03.17"]
[PlyCount "142"]

1.e4 Nf6 2.e5 Nd5 3.d4 d6 4.Nf3 Bg4 5.Be2 e6 6.O-O Be7 7.c4 Nb6 8.Nc3 O-O 
9.Be3 N6d7 10.exd6 cxd6 11.h3 Bh5 12.Nd2 Bg6 13.Qb3 Qc8 14.Rac1 Nf6 15.
Rfe1 Qd7 16.Bf3 Nc6 17.d5 Ne5 18.dxe6 fxe6 19.Be2 Kh8 20.Nb5 Nc6 21.Bd3 
Bf7 22.Qd1 d5 23.Nb3 e5 24.Nc5 Qc8 25.cxd5 Nxd5 26.Bd2 a6 27.Na3 Ndb4 28.
Bb1 Nxa2 29.Bxa2 Bxa2 30.Be3 Bg8 31.Qg4 Qxg4 32.hxg4 Nb4 33.Rcd1 Nd5 34.
Nxb7 Rab8 35.Na5 Nxe3 36.Rxe3 Rxb2 37.N3c4 Rbxf2 38.Rxe5 Bb4 39.Nc6 Bc3 
40.Re3 Rc2 41.N4e5 Be6 42.Ng6+ hxg6 43.Rxe6 g5 44.Ne7 Rff2 45.Rd3 Rxg2+ 
46.Kh1 Rh2+ 47.Kg1 Rcg2+ 48.Kf1 Ra2 49.Kg1 Bb4 50.Re5 Rag2+ 51.Kf1 Rxg4 
52.Ree3 Rh1+ 53.Ke2 Re1+ 54.Kf3 Rf4+ 55.Kg2 Rxe3 56.Rxe3 Bxe7 57.Rxe7 a5 
58.Re5 a4 59.Rxg5 Kh7 60.Kg3 Rb4 61.Ra5 Kh6 62.Kh3 Rc4 63.Kg3 g5 64.Ra8 
Kg6 65.Rg8+ Kf5 66.Rf8+ Ke5 67.Rg8 g4 68.Rg5+ Kd6 69.Ra5 Kc6 70.Ra8 Kb5 
71.Rb8+ Kc5 0-1

[Event "19th EUR-ch"]
[Site "Batumi GEO"]
[Date "2018.03.20"]
[Round "4.55"]
[White "Paichadze, Luka"]
[Black "Can, Isik"]
[Result "1-0"]
[WhiteElo "2581"]
[BlackElo "2413"]
[EventDate "2018.03.17"]
[PlyCount "57"]

1.e4 c6 2.Nc3 d5 3.Nf3 Nf6 4.e5 Ne4 5.Ne2 Qb6 6.d4 e6 7.Ng3 c5 8.c3 cxd4 
9.Nxe4 dxe4 10.Nxd4 Bc5 11.Be3 Bxd4 12.Qxd4 Qxb2 13.Rc1 Qxa2 14.Bc4 Qa5 
15.Qxe4 Nc6 16.Bf4 Bd7 17.O-O O-O-O 18.Ra1 Qc7 19.Rfb1 Kb8 20.Be3 b6 21.
Ra6 Kb7 22.Bb5 Kc8 23.Rba1 Be8 24.Bxb6 axb6 25.Ra8+ Nb8 26.Rxb8+ Qxb8 27.
Qc4+ Qc7 28.Ra8+ Kb7 29.Ra7+ 1-0

[Event "19th EUR-ch"]
[Site "Batumi GEO"]
[Date "2018.03.20"]
[Round "4.56"]
[White "Deac, Bogdan-Daniel"]
[Black "Danielyan, Vahe"]
[Result "1-0"]
[WhiteElo "2572"]
[BlackElo "2331"]
[EventDate "2018.03.17"]
[PlyCount "93"]

1.e4 e5 2.Nf3 Nc6 3.d4 exd4 4.Nxd4 Bb4+ 5.c3 Bc5 6.Be3 Bb6 7.Nf5 Bxe3 8.
Nxe3 Nf6 9.f3 O-O 10.c4 Nh5 11.Qd2 d6 12.Nc3 Nf4 13.g3 Ne6 14.Bg2 Nc5 15.
O-O Be6 16.f4 f6 17.h3 a5 18.b3 Re8 19.Kh2 Bf7 20.g4 Kh8 21.Rab1 Ra6 22.
Nf5 Bg6 23.Ng3 Bf7 24.h4 Be6 25.g5 Ra8 26.Nd5 Bxd5 27.exd5 Ne7 28.gxf6 
gxf6 29.h5 Rg8 30.Rbe1 Qf8 31.Re3 Qg7 32.Qf2 Raf8 33.Rfe1 Rf7 34.Bh3 Qf8 
35.a3 f5 36.Qb2+ Rf6 37.Rxe7 Nd3 38.Qc3 Nxe1 39.Rxe1 Qh6 40.Re6 Rf8 41.
Rxf6 Rxf6 42.Bxf5 Kg8 43.Be6+ Kf8 44.f5 b6 45.Qf3 Qg5 46.Kh3 a4 47.bxa4 
1-0

[Event "19th EUR-ch"]
[Site "Batumi GEO"]
[Date "2018.03.20"]
[Round "4.57"]
[White "Mamedov, Rauf"]
[Black "Davtian, Artur"]
[Result "1/2-1/2"]
[WhiteElo "2709"]
[BlackElo "2351"]
[EventDate "2018.03.17"]
[PlyCount "82"]

1.c4 e6 2.g3 Nf6 3.Bg2 d5 4.Nf3 dxc4 5.Qa4+ Bd7 6.Qxc4 c5 7.Ne5 Qc8 8.Nxd7
Qxd7 9.Nc3 Nc6 10.Qa4 Rc8 11.O-O b6 12.Rd1 Be7 13.d3 O-O 14.Bd2 Rfd8 15.
Rac1 h6 16.Be1 Bf8 17.Kf1 Be7 18.Qb5 Kf8 19.a4 Kg8 20.e3 Nb4 21.Ke2 Nfd5 
22.Qxd7 Rxd7 23.Nb5 Nc6 24.d4 cxd4 25.e4 Nf6 26.Kf1 Rdd8 27.Nxd4 Nxd4 28.
Rxc8 Rxc8 29.Rxd4 e5 30.Rd1 Rc2 31.b3 Bc5 32.Rd8+ Kh7 33.Bf3 Rb2 34.Be2 
Rxb3 35.Bc4 Rb1 36.Ke2 Rb2+ 37.Kf3 Kg6 38.Ra8 Rb1 39.Bd2 Rb2 40.Be1 Rb1 
41.Bd2 Rb2 1/2-1/2